{"text_format":"3","workbook":"xlsx","n_sheets":1,"sheets":["Sheet1"],"read":"whole","date_system":"1900"}

{"sheet":"Sheet1","index":0,"n_rows":35,"n_cols":9,"rows_kept":35,"merged":[[0,0,0,8],[30,0,30,3],[30,4,30,8],[34,0,34,7]]}
["植物工程系2024-2025-2 实验(实训)项目耗材采购清单--办公、生活用品"]
["序号","实验（实训）项目名称","耗材品名","型号规格","单位","数量","参考单价","单项控制价","分类"]
[1,"园林设计图的绘制","绘图纸","A0","张",280,3,840,"办公用品"]
[2,"果实品质测定","小刀","普通小号","个",10,2,20,"办公用品"]
[3,"昆虫标本制作","大头针","　","盒",20,10,200,"办公用品"]
[4,"昆虫标本制作","铅笔刀",null,"个",30,1,30,"办公用品"]
[5,"实验室建设","防水标签纸","600贴 亚银 25*12mm","个",2,15,30,"办公用品"]
[6,"果蔬糖制品","筷子","碳化竹筷，无漆无蜡，10双装，24cm长","双",3,20,60,"生活用品"]
[7,"果蔬干制品/面包制作/猪肉脯制作","烘焙纸","原生木浆，硅油纸，防油防粘，自带锯齿，30cm×5m","盒",15,20,300,"生活用品"]
[8,"蔬菜腌制品","泡菜坛","5斤装泡菜坛，水密封坛口","个",6,50,300,"生活用品"]
[9,"蔬菜腌制品","厨房纸","双层加厚，75张，100%原生木浆，食品接触用，225×225（mm)","卷",10,8,80,"生活用品"]
[10,"果酒酿造","酿酒酵母","拉曼德葡萄酒酵母，酒精耐受度16%，5g样品装，加厚铝箔袋，抽真空包装，","袋",1,20,20,"生活用品"]
[11,"果酒酿造","果酒过滤机","5英寸双级膜过滤，食品级滤芯，前置滤芯1-5μmPP棉材质，后置滤芯0.22μm聚丙烯材质，功率66w，处理量100-200斤/h","台",1,400,400,"生活用品"]
[12,"实验室建设","洗碗海绵","5片*1包","包",6,15,90,"生活用品"]
[13,"实验室建设","洗洁精","1kg","瓶",4,20,80,"生活用品"]
[14,"吐司面包制作","保鲜膜","30cm 100m","卷",2,20,40,"生活用品"]
[15,"吐司面包制作","和面盆","304不锈钢 31cm 带盖","个",5,50,250,"生活用品"]
[16,"吐司面包制作","吐司模具","带盖 450g 不粘","个",5,35,175,"生活用品"]
[17,"吐司面包制作/猪肉脯制作","铝箔纸","长100m 宽30cm","卷",2,50,100,"生活用品"]
[18,"吐司面包制作/猪肉脯制作","玻璃喷油壶","220ml","个",5,20,100,"生活用品"]
[19,"丹麦牛角包制作/猪肉脯制作","一次性手套","PVC 100只","袋",10,20,200,"生活用品"]
[20,"酱卤肉制品加工","灌肠器","食品级304","个",5,30,150,"生活用品"]
[21,"酱卤肉制品加工","绞肉机","加厚 玻璃杯 精钢机身","个",5,100,500,"生活用品"]
[22,"酱卤肉制品加工","真空封口袋","加厚24丝 15*25mm  100个","袋",8,30,240,"生活用品"]
[23,"冰淇淋雪糕的加工","一次性冰淇淋杯","120ml  500只","袋",1,80,80,"生活用品"]
[24,"皂化反应实验","植物油","1000mL","瓶",1,50,50,"生活用品"]
[25,"皂化反应实验","洗洁精","1kg","瓶",1,20,20,"生活用品"]
[26,"皂化反应实验","手工皂香精","香草10mL*2，柠檬10mL*2，桂花香味10mL*2","瓶",6,6,36,"生活用品"]
[27,"皂化反应实验","食品级色素","红黄蓝绿粉紫橙7色(20ml/ 瓶）","瓶",7,2,14,"生活用品"]
[28,"皂化反应实验","手工皂硅胶模具","6格方椭圆树叶款","个",6,15,90,"生活用品"]
["总预算（元）：",{"$nulls":3},{"$f":"SUM(H3:H30)","v":4495}]
[]
[]
[]
["注：1.此表单价为参考价格，报价不得超过控制价；2.可将此表修改为报价单，但其中序号、耗材品名、型号规格、单位、数量不得修改。"]